000 00572nam a2200205Ia 4500
003 GCL
008 140319s9999 xx 000 0 aFre d
020 _a2856166083
040 _aGCL /
_cGCL
082 0 4 _a791.9272
_bH M
100 1 _aHEPBURN, KATHARINE
245 1 0 _aMOI :
_bHISTORIES DE MA VIE /
_cHEPBURN, KATHARINE
260 _aفرنسا :
_bPRESSES DE LA RENAISSANCE ،
_c1991
300 _a361 P
_bILL. ؛
_c24 cm.
650 0 4 _aBIOGRAPHIES
650 0 4 _aWOMEN - BIOGRAPHIES
650 0 4 _aAUTOBIOGRAPHIES
650 0 4 _aHEPBURN, KATHARINE
942 _2ddc
_cBK
999 _c8198
_d8198